All The Right Moves - Lyrics - Statistics

General Stats
  • This quiz has been taken 6 times
  • The average score is 311 of 434
Answer Stats
Answer % Correct
All
100%
all
100%
I
100%
moves
100%
right
100%
the
100%
The
100%
we
100%
you
100%
and
83%
but
83%
Do
83%
do
83%
"Everybody
83%
everybody
83%
friends
83%
going
83%
got
83%
in
83%
it
83%
It
83%
place
83%
places
83%
So
83%
so
83%
Then
83%
they
83%
They
83%
(They
83%
They've
83%
we're
83%
were
83%
where
83%
be
67%
better
67%
down
67%
down"
67%
faces
67%
faces?
67%
for
67%
good
67%
hear
67%
know
67%
knows
67%
made
67%
of
67%
over
67%
Over
67%
say
67%
say)
67%
think
67%
to
67%
when
67%
yeah
67%
Yeah
67%
your
67%
you're
67%
could
50%
day
50%
hearts
50%
I'm
50%
is
50%
it's
50%
king
50%
perfect
50%
queen
50%
rain
50%
shining
50%
spades
50%
take
50%
than
50%
that
50%
told
50%
us
50%
Am
33%
are
33%
Are
33%
away
33%
can't
33%
doesn't
33%
don't
33%
each
33%
everyday
33%
fall
33%
far
33%
fight
33%
getting
33%
grass
33%
greener
33%
heads
33%
hey
33%
Let's
33%
like
33%
look
33%
noise
33%
Only
33%
paint
33%
picture
33%
see
33%
someone
33%
soon
33%
spaces?
33%
special
33%
sun
33%
their
33%
They'll
33%
they'll
33%
things
33%
up
33%
we'll
33%
what
33%
ya
33%
anyone's
17%
Before
17%
bright
17%
enough
17%
just
17%
looking
17%
matter
17%
never
17%
nice?
17%
ocean
17%
our
17%
possible
17%
shine
17%
sinking
17%
soldiers
17%
sound
17%
sounds
17%
that'll
17%
that's
17%
world
17%
Ah
0%
anybody's
0%
Between
0%
dead
0%
fake
0%
knowing
0%
name
0%
ooh
0%
No matching quizzes found
Score Distribution
Percent of People with Each Score
Percentile by Number Answered
Your Score History
You have not taken this quiz